| 000 | 00602pam a2200217 a 4500 | ||
|---|---|---|---|
| 001 | 4871285 | ||
| 005 | 20260312173527.0 | ||
| 008 | 930108s1993 nyua 001 0 eng | ||
| 020 | _a0393963578 | ||
| 020 | _a9780393963571 | ||
| 050 | 0 | 0 |
_aHB172 _b.S86 1993 |
| 082 | 0 | 0 |
_a338.5 _220 |
| 100 | 1 | _aStiglitz, Joseph E. | |
| 245 | 1 | 0 |
_aPrinciples of microeconomics / _cJoseph E. Stiglitz. |
| 250 | _a1st ed. | ||
| 260 |
_aNew York : _bW.W. Norton, _cc1993. |
||
| 300 |
_a1 v. (various pagings) : _bcol. ill. ; _c25 cm. |
||
| 500 | _aIncludes index. | ||
| 650 | 0 | _aMicroeconomics. | |
| 942 |
_2lcc _cBK _n0 |
||
| 999 |
_c8984 _d8984 |
||